| 000 | 00511nam a2200193Ia 4500 | ||
|---|---|---|---|
| 005 | 20250923150024.0 | ||
| 008 | 008 250917s9999 xx 000 0 eng d | ||
| 037 | _aTextual | ||
| 040 |
_aDSWL _beng _cDSWL |
||
| 041 |
_aeng _2eng |
||
| 084 | _qDSWL | ||
| 100 |
_aGokhale, S.D. _9841386 |
||
| 245 | 0 |
_aValley of shadows : Problems of leprosy in India _c by S.D. Gokhale |
|
| 260 |
_aBombay _bPopular _c1979 |
||
| 365 |
_aINR _b40.00 |
||
| 925 | _g40.00 | ||
| 942 | _cTEXL | ||
| 999 |
_c1458625 _d1458625 |
||